[Event "ZMDI Open 2014"]
[Site "Dresden GER"]
[Date "2014.08.15"]
[Round "1.1"]
[White "Mager, Denis"]
[Black "Berkes, Ferenc"]
[Result "0-1"]
[BlackTitle "GM"]
[WhiteElo "2152"]
[BlackElo "2658"]
[WhiteFideId "24691127"]
[BlackFideId "718572"]
[EventDate "2014.08.15"]

1. c4 g6 2. Nc3 Bg7 3. d4 d6 4. e4 e5 5. d5 a5 6. Be3 Na6 7. Nf3 Nf6 8. Be2 Ng4
9. Bg5 f6 10. Bh4 Nh6 11. Nd2 Nf7 12. f3 O-O 13. O-O Bh6 14. Bf2 f5 15. a3 Bd7
16. Nb3 a4 17. Nc1 Nc5 18. b4 axb3 19. Nxb3 Na4 20. Qd3 Nxc3 21. Qxc3 b6 22. Ra2
Qf6 23. Be3 Bxe3+ 24. Qxe3 f4 25. Qc3 Nd8 26. Rfa1 Nb7 27. Bd1 h5 28. Nc1 g5 29.
Nd3 g4 30. Kh1 Rf7 31. Rb1 Rg7 32. Rbb2 Kh8 33. Qe1 Rag8 34. Nb4 Nc5 35. Rd2 h4
36. fxg4 Bxg4 37. Bxg4 Rxg4 38. Nd3 Nb3 39. Rf2 Nd4 40. Qf1 Qg6 41. Nxf4 Rxf4
42. Rxf4 exf4 43. Qxf4 Qg5 44. Rf2 h3 45. Qxg5 Rxg5 46. gxh3 Kg7 0-1

[Event "ZMDI Open 2014"]
[Site "Dresden GER"]
[Date "2014.08.15"]
[Round "1.2"]
[White "Bindrich, Falko"]
[Black "Knaak, Joachim"]
[Result "1-0"]
[WhiteTitle "GM"]
[WhiteElo "2598"]
[BlackElo "2150"]
[WhiteFideId "4676670"]
[BlackFideId "12921009"]
[EventDate "2014.08.15"]

1. d4 d5 2. c4 c6 3. Nf3 Nf6 4. e3 e6 5. Nc3 Nbd7 6. Qc2 Bd6 7. Bd3 Qe7 8. O-O
O-O 9. e4 dxc4 10. Bxc4 e5 11. h3 h6 12. Nh4 Nb6 13. Ng6 Qc7 14. dxe5 Bxe5 15.
Nxf8 Nxc4 16. Ne2 b5 17. f4 Qb6+ 18. Kh1 Bc7 19. e5 Nd5 20. Qh7+ Kxf8 21. Qh8+
Ke7 22. Qxg7 Bf5 23. Ng3 Bd3 24. e6 Kxe6 25. Re1+ Kd6 26. b3 Qf2 27. Rd1 Re8 28.
bxc4 Bb6 29. Ba3+ b4 30. cxd5 bxa3 31. Qf6+ Kc7 32. Qxc6+ Kd8 33. Qd6+ 1-0

[Event "ZMDI Open 2014"]
[Site "Dresden GER"]
[Date "2014.08.15"]
[Round "1.3"]
[White "Friedel, Marcus"]
[Black "Kravtsiv, Martyn"]
[Result "0-1"]
[BlackTitle "GM"]
[WhiteElo "2148"]
[BlackElo "2572"]
[WhiteFideId "4688708"]
[BlackFideId "14113147"]
[EventDate "2014.08.15"]

1. e4 e5 2. Nf3 Nc6 3. Bc4 Nf6 4. d3 Bc5 5. c3 O-O 6. O-O d5 7. exd5 Nxd5 8. Re1
Bg4 9. Nbd2 Nb6 10. Ne4 Nxc4 11. Nxc5 Nd6 12. h3 Bh5 13. g4 Bg6 14. Bg5 Qc8 15.
Bh4 b6 16. Nb3 f6 17. Bg3 h5 18. Nh4 Bh7 19. d4 Nf7 20. Kh2 g5 21. gxh5 gxh4 22.
Bxh4 Ng5 23. Re3 e4 24. f4 Nf3+ 25. Rxf3 exf3 26. Qxf3 Ne7 27. Rg1+ Kh8 28. Qg2
Nf5 29. d5 Rf7 30. Bf2 Rg7 0-1

[Event "ZMDI Open 2014"]
[Site "Dresden GER"]
[Date "2014.08.15"]
[Round "1.4"]
[White "Zakhartsov, Viacheslav V."]
[Black "Budzyn, Matthias"]
[Result "1-0"]
[WhiteTitle "GM"]
[WhiteElo "2548"]
[BlackElo "2145"]
[WhiteFideId "4115333"]
[BlackFideId "24600636"]
[EventDate "2014.08.15"]

1. d4 Nf6 2. c4 g6 3. f3 d5 4. cxd5 Nxd5 5. e4 Nb6 6. Nc3 Bg7 7. Be3 O-O 8. Qd2
Nc6 9. O-O-O f5 10. e5 Nb4 11. Nh3 Be6 12. Kb1 N4d5 13. Ng5 Nxc3+ 14. Qxc3 Bd5
15. h4 e6 16. Be2 Qe7 17. Rc1 c6 18. Nh3 Rfc8 19. h5 c5 20. hxg6 cxd4 21. gxh7+
Kf7 22. Qxd4 Rxc1+ 23. Bxc1 Qc7 24. Ng5+ Ke7 25. Qb4+ Kd7 26. Nf7 Bxe5 27. h8=Q
Bxh8 28. Nxh8 1-0

[Event "ZMDI Open 2014"]
[Site "Dresden GER"]
[Date "2014.08.15"]
[Round "1.5"]
[White "Lipinsky, Markus"]
[Black "Maksimenko, Andrei"]
[Result "0-1"]
[BlackTitle "GM"]
[WhiteElo "2142"]
[BlackElo "2506"]
[WhiteFideId "4639820"]
[BlackFideId "14100584"]
[EventDate "2014.08.15"]

1. d4 Nf6 2. c4 e6 3. Nf3 d5 4. g3 dxc4 5. Bg2 c5 6. O-O Nc6 7. Qa4 Bd7 8. Qxc4
b5 9. Qd3 Rc8 10. dxc5 Bxc5 11. Nc3 Nb4 12. Qb1 Bc6 13. Bg5 O-O 14. a3 Nbd5 15.
Ne4 Be7 16. Ne5 Ba8 17. Rd1 Qc7 18. Nxf7 Rxf7 19. Bh3 Qb6 20. Nxf6+ Bxf6 21. Qe4
Bxg5 22. Bxe6 Qxf2+ 23. Kh1 Nf6 0-1

[Event "ZMDI Open 2014"]
[Site "Dresden GER"]
[Date "2014.08.15"]
[Round "1.6"]
[White "Teske, Henrik"]
[Black "Hamm, Georg"]
[Result "1-0"]
[WhiteTitle "GM"]
[WhiteElo "2505"]
[BlackElo "2139"]
[WhiteFideId "4611500"]
[BlackFideId "4698460"]
[EventDate "2014.08.15"]

1. e4 g6 2. d4 Bg7 3. Nc3 c6 4. Nf3 d5 5. h3 Nf6 6. e5 Ne4 7. Bd3 Nxc3 8. bxc3
Na6 9. O-O O-O 10. Be3 Nc7 11. Qd2 Ne6 12. c4 b6 13. Rfe1 Qd7 14. a4 a6 15. cxd5
cxd5 16. Reb1 Qc7 17. Qb4 Rb8 18. c4 a5 19. Qb3 dxc4 20. Bxc4 Bd7 21. Rc1 Qa7
22. Bb5 Rfd8 23. Bc4 h6 24. Rab1 Rdc8 25. Kh2 Kh7 26. h4 Kg8 27. Qa3 Bf8 28. Qd3
Kh7 29. h5 Nd8 30. Bxf7 Nxf7 31. Qxg6+ Kh8 32. Qxf7 Bg7 33. Rxc8+ Rxc8 34. Bxh6
Bxh6 35. Nh4 Rg8 36. Ng6+ Rxg6 37. hxg6 Bg7 38. Rh1 1-0

[Event "ZMDI Open 2014"]
[Site "Dresden GER"]
[Date "2014.08.15"]
[Round "1.7"]
[White "Hahn, Florian"]
[Black "Fodor, Tamas Jr."]
[Result "1/2-1/2"]
[BlackTitle "GM"]
[WhiteElo "2133"]
[BlackElo "2481"]
[WhiteFideId "24659720"]
[BlackFideId "723762"]
[EventDate "2014.08.15"]

1. d4 d5 2. c4 c6 3. cxd5 cxd5 4. Bf4 Nf6 5. Nc3 a6 6. e3 Nc6 7. Nf3 e6 8. h3
Be7 9. Be2 O-O 10. O-O b5 11. Rc1 Bb7 12. Ne5 Qb6 13. Bd3 Nxe5 14. Bxe5 Rfc8 15.
Bb1 g6 16. Bd3 Bc6 17. Nb1 Nd7 18. Bg3 b4 19. Nd2 Qa5 20. Nb3 Qxa2 21. Ra1 Qxb2
22. Rb1 Qc3 23. Rc1 Ba4 24. Rxc3 Rxc3 25. Bc2 Rac8 26. Qa1 Bb5 27. Bd1 Bxf1 28.
Kxf1 Ra8 29. Nc5 Nxc5 30. dxc5 Rxc5 31. Be5 a5 32. Bh8 Bf8 33. Bd4 Rcc8 34. Ba4
Rc4 35. h4 Rac8 36. Ke2 Rc1 37. Qb2 Rh1 38. g3 Rcc1 39. Bc2 Rce1+ 40. Kf3 Rh2
41. Qa2 Rf1 42. e4 Bg7 43. Ke2 Bxd4 44. Kxf1 Rxf2+ 45. Ke1 dxe4 46. Qxa5 e5 47.
Bxe4 Rb2 48. h5 Kg7 49. Bd5 Bf2+ 50. Kd1 Bxg3 51. Qa7 Rf2 52. Qe3 Rf1+ 53. Kc2
Bf4 54. h6+ Bxh6 55. Qxe5+ Kg8 56. Qe8+ Bf8 57. Qe2 Rf6 58. Qe5 Rf5 59. Qe4 h5
60. Qg2 Kg7 61. Be4 Rf4 62. Kb3 h4 63. Qb2+ Kg8 64. Qe5 Bh6 65. Qb8+ Kh7 66. Bg2
Rg4 67. Qb7 Bg7 68. Bd5 f5 69. Bf3 Rf4 70. Bg2 Kh6 71. Qc7 Rd4 72. Qc1+ Kh7 73.
Qf1 Bf6 74. Qf2 h3 75. Bh1 Rh4 76. Qa7+ Kh6 77. Qb6 Bc3 78. Qd8 Rg4 79. Qf8+ Bg7
80. Qd6 Kg5 81. Qe7+ Bf6 82. Qe3+ f4 83. Qc5+ Kh4 84. Qf2+ Rg3+ 85. Kxb4 g5 86.
Kc4 Kg4 87. Qe2+ Kh4 88. Qf2 Kg4 89. Qe2+ 1/2-1/2

[Event "ZMDI Open 2014"]
[Site "Dresden GER"]
[Date "2014.08.15"]
[Round "1.8"]
[White "Maiwald, Jens-Uwe"]
[Black "Juergens, Klaus"]
[Result "1-0"]
[WhiteTitle "GM"]
[WhiteElo "2475"]
[BlackElo "2131"]
[WhiteFideId "4612396"]
[BlackFideId "4631714"]
[EventDate "2014.08.15"]

1. g3 g6 2. Bg2 Bg7 3. d4 d6 4. e4 Nf6 5. Ne2 O-O 6. O-O e5 7. Nbc3 Nc6 8. dxe5
dxe5 9. Bg5 Bg4 10. h3 Bxe2 11. Nxe2 h6 12. Be3 Qxd1 13. Raxd1 Rfd8 14. Nc1 b6
15. c3 Rxd1 16. Rxd1 Rd8 17. Nd3 Na5 18. Kf1 c5 19. Ke2 Nc6 20. Ra1 Bf8 21. a3
Ne8 22. b4 cxb4 23. axb4 Nd6 24. Nb2 Nb5 25. Rc1 f6 26. Bf1 g5 27. Kf3 Nd6 28.
Nc4 Kf7 29. Nxd6+ Bxd6 30. Ra1 Bb8 31. Ba6 h5 32. Ke2 Ke7 33. h4 gxh4 34. gxh4
Rg8 35. Bb5 Kd6 36. Rd1+ Kc7 37. Bc4 Rg7 38. Be6 Nd8 39. Bf5 Nb7 40. Bh6 Re7 41.
Bg6 Kc6 42. Bf8 1-0

[Event "ZMDI Open 2014"]
[Site "Dresden GER"]
[Date "2014.08.15"]
[Round "1.23"]
[White "Gajek, Radoslaw"]
[Black "Pallas, Sebastian"]
[Result "1-0"]
[WhiteTitle "FM"]
[WhiteElo "2355"]
[BlackElo "2026"]
[WhiteFideId "1125893"]
[BlackFideId "12905453"]
[EventDate "2014.08.15"]

1. e4 c5 2. Nf3 d6 3. d4 cxd4 4. Nxd4 Nf6 5. Nc3 a6 6. Be3 e6 7. f3 h5 8. Qd2
Qc7 9. O-O-O Nbd7 10. a3 Be7 11. Be2 b5 12. Ndxb5 axb5 13. Nxb5 Qb8 14. Nxd6+
Bxd6 15. Qxd6 Qxd6 16. Rxd6 Ke7 17. Rhd1 Bb7 18. Bb5 Rhd8 19. Bg5 Ne5 20. Rxd8
Rxd8 21. Rxd8 Kxd8 22. f4 Ng4 23. h3 Bxe4 24. hxg4 hxg4 25. g3 Kc7 26. Bxf6 gxf6
27. Be2 f5 28. Kd2 f6 29. Bd3 Bc6 30. c4 Kd6 31. b4 Bd7 32. Bc2 e5 33. Ke3 Kc7
34. c5 Kb7 35. a4 Kc6 36. Bd3 Be6 37. a5 Bc8 38. a6 Be6 39. b5+ Kxc5 40. Bxf5
Bd5 41. Be4 1-0

[Event "ZMDI Open 2014"]
[Site "Dresden GER"]
[Date "2014.08.15"]
[Round "1.56"]
[White "Baskin, Robert"]
[Black "Renger, Niklas"]
[Result "1-0"]
[WhiteElo "2152"]
[BlackElo "1821"]
[WhiteFideId "24662402"]
[BlackFideId "12908096"]
[EventDate "2014.08.15"]

1. e4 c5 2. Nf3 d6 3. d4 cxd4 4. Nxd4 Nf6 5. Nc3 g6 6. Be3 Bg7 7. f3 O-O 8. Qd2
Nc6 9. O-O-O d5 10. exd5 Nxd5 11. Nxc6 bxc6 12. Bd4 e5 13. Bc5 Be6 14. Ne4 Rb8
15. c4 Nb6 16. Qc2 Qc8 17. Bd6 Qa6 18. Qb3 Bh6+ 19. Kb1 Nd7 20. Nf6+ Kh8 21.
Bxb8 Rxb8 22. Qxb8+ Nxb8 23. Rd8+ Bf8 24. Rxf8+ Kg7 25. Rxb8 Kxf6 26. Rb3 Bf5+
27. Bd3 Qxc4 28. Bxf5 Kxf5 29. Rc3 Qe2 30. Rc2 Qd3 31. Rc1 a5 32. Ka1 a4 33. a3
h5 34. Rxc6 h4 35. R6c3 Qd2 36. R3c2 Qd3 37. h3 f6 38. Rc3 Qd2 39. R1c2 Qd5 40.
Rc4 g5 41. Ka2 Kg6 42. b3 axb3+ 43. Kxb3 Qb5+ 44. Rb4 Qd5+ 45. Kb2 Kf5 46. a4
Kg6 47. Rbc4 Kf5 48. Rc5 Qd4+ 49. Kb3 Qd3+ 50. Ka2 Qd4 51. Kb3 Qd3+ 52. Kb4 Qd4+
53. Kb5 Qd7+ 54. Rc6 Qb7+ 55. Kc5 Qa7+ 56. Kb4 Qd4+ 57. Kb5 Qd5+ 58. Ka6 Qd8 59.
a5 Qa8+ 60. Kb5 Qb7+ 61. Rb6 Qd7+ 62. Rbc6 Qd3+ 63. R2c4 Qb3+ 64. Kc5 Qe3+ 65.
Kd6 Qa7 66. a6 Qb8+ 67. Kc5 Qa7+ 68. Kb5 Qb8+ 69. Rb6 Qe8+ 70. Rcc6 Qd7 71. Rb7
Qd5+ 72. Kb6 Qd8+ 73. Rbc7 Qb8+ 74. Kc5 Qb3 75. a7 Qa3+ 76. Kb6 Qb4+ 77. Ka6
Qa4+ 78. Kb7 Qb5+ 79. Kc8 Qa4 80. Rb6 Qa5 81. Rcc6 1-0

[Event "ZMDI Open 2014"]
[Site "Dresden GER"]
[Date "2014.08.16"]
[Round "2.1"]
[White "Berkes, Ferenc"]
[Black "Vogel, Roven"]
[Result "1-0"]
[WhiteTitle "GM"]
[WhiteElo "2658"]
[BlackElo "2279"]
[WhiteFideId "718572"]
[BlackFideId "12908088"]
[EventDate "2014.08.15"]

1. d4 d5 2. c4 c6 3. e3 Nf6 4. Nc3 g6 5. Nf3 Bg7 6. Be2 O-O 7. O-O Bf5 8. cxd5
cxd5 9. Qb3 Nc6 10. Qxb7 Qb6 11. Qxb6 axb6 12. Bd2 Rfc8 13. Rfc1 Nb4 14. Ne1 Bd7
15. Nd3 Nxd3 16. Bxd3 e6 17. a3 Ne8 18. Bb5 Rxc3 19. Bxd7 Rxc1+ 20. Rxc1 Nd6 21.
Bb4 Nc4 22. b3 Na5 23. Rc3 Bf8 24. g4 g5 25. Kg2 Rd8 26. Bxf8 Kxf8 27. Bb5 h6
28. a4 Ra8 29. Kg3 Kg7 30. h4 Rb8 31. f3 Kf6 32. h5 Nb7 33. e4 Nd8 34. e5+ Kg7
35. Rc7 Kf8 36. f4 gxf4+ 37. Kxf4 Ra8 38. g5 Kg7 39. Kg4 Rb8 40. b4 Ra8 41. Kh4
Rb8 42. Be8 Ra8 43. g6 Kf8 44. Bxf7 Nxf7 45. Rxf7+ Kg8 46. Rh7 Rxa4 47. Rxh6 Ra1
48. Rh7 Rd1 49. Kg5 Rxd4 50. Rb7 1-0

[Event "ZMDI Open 2014"]
[Site "Dresden GER"]
[Date "2014.08.16"]
[Round "2.2"]
[White "Turikov, Viktor"]
[Black "Bindrich, Falko"]
[Result "0-1"]
[WhiteTitle "FM"]
[BlackTitle "GM"]
[WhiteElo "2256"]
[BlackElo "2598"]
[WhiteFideId "4107810"]
[BlackFideId "4676670"]
[EventDate "2014.08.15"]

1. b3 d5 2. e3 Nf6 3. Bb2 Bf5 4. Nf3 e6 5. Bb5+ c6 6. Be2 h6 7. O-O Nbd7 8. d3
Bd6 9. Nbd2 O-O 10. a3 Qe7 11. Re1 e5 12. Nh4 Bh7 13. g3 Rad8 14. Bf1 e4 15. d4
Qe6 16. c4 g5 17. Ng2 Bg6 18. b4 Bh5 19. Be2 Bxe2 20. Qxe2 Qh3 21. Nf1 Ng4 22.
f4 exf3 23. Qxf3 Ndf6 24. Re2 Ne4 25. Ne1 f5 26. cxd5 cxd5 27. Rc1 Ngf6 28. Nd3
f4 29. exf4 gxf4 30. Qg2 Qxg2+ 31. Rxg2 f3 32. Rgc2 Ng5 33. Ne3 Nh3+ 34. Kf1 h5
35. Nf5 Ng4 0-1

[Event "ZMDI Open 2014"]
[Site "Dresden GER"]
[Date "2014.08.16"]
[Round "2.3"]
[White "Kravtsiv, Martyn"]
[Black "Mueller, Michael1"]
[Result "1-0"]
[WhiteTitle "GM"]
[BlackTitle "FM"]
[WhiteElo "2572"]
[BlackElo "2246"]
[WhiteFideId "14113147"]
[BlackFideId "4622081"]
[EventDate "2014.08.15"]

1. e4 c5 2. Nf3 d6 3. d4 cxd4 4. Nxd4 Nc6 5. Nc3 g6 6. Be3 Bg7 7. Qd2 Nf6 8. f3
h5 9. O-O-O Bd7 10. h3 Rc8 11. Kb1 Na5 12. f4 Rxc3 13. Qxc3 Nxe4 14. Qe1 h4 15.
Bd3 Ng3 16. Rg1 a6 17. Nf3 Nf5 18. Bxf5 Bxf5 19. Bd4 Qc7 20. Bxg7 Bxc2+ 21. Ka1
Bxd1 22. Qxd1 Rh5 23. Re1 Rf5 24. Qd2 Nc4 25. Qc1 Rc5 26. Bd4 Rc6 27. Bc3 b5 28.
Nd4 Rc5 29. Qd1 a5 30. Nb3 Rf5 31. Qf3 b4 32. Bg7 d5 33. Nd4 Rh5 34. f5 Qg3 35.
Qxg3 hxg3 36. Bf6 e5 37. Bxe5 Kd7 38. fxg6 fxg6 39. Bxg3 Rg5 40. Re7+ Kxe7 41.
Bh4 Kf6 42. Nf3 Kf5 43. Bxg5 d4 44. g4+ Ke4 45. Nd2+ Nxd2 46. Bxd2 Kf3 47. Kb1
d3 48. Kc1 Kg2 1-0

[Event "ZMDI Open 2014"]
[Site "Dresden GER"]
[Date "2014.08.16"]
[Round "2.4"]
[White "Roesemann, Rainer"]
[Black "Zakhartsov, Viacheslav V."]
[Result "0-1"]
[WhiteTitle "FM"]
[BlackTitle "GM"]
[WhiteElo "2255"]
[BlackElo "2548"]
[WhiteFideId "4610296"]
[BlackFideId "4115333"]
[EventDate "2014.08.15"]

1. c4 e5 2. g3 Nf6 3. Bg2 d5 4. cxd5 Nxd5 5. Nc3 Nb6 6. Nf3 Nc6 7. O-O Be7 8. a3
O-O 9. b4 Be6 10. Rb1 f6 11. d3 a5 12. b5 Nd4 13. Nd2 Qc8 14. e3 Nf5 15. Nde4
Rd8 16. Qe2 Qd7 17. Rd1 a4 18. Bb2 Bb3 19. Rd2 Nh6 20. f4 Nf7 21. Nf2 Rab8 22.
Bh3 f5 23. e4 exf4 24. gxf4 Qd6 25. e5 Qg6+ 26. Kh1 Bc5 27. Rg1 Qh6 28. Ncd1
Qxf4 29. e6 Ng5 30. Qh5 Bd5+ 31. Bg2 Nxe6 32. Re2 Nd4 33. Nh3 Qd6 34. Ng5 h6 35.
Ne3 hxg5 36. Bxd5+ Nxd5 37. Qxg5 Qf6 38. Nxd5 Qxg5 39. Rxg5 Rxd5 40. Bxd4 Bxd4 0-1

[Event "ZMDI Open 2014"]
[Site "Dresden GER"]
[Date "2014.08.16"]
[Round "2.5"]
[White "Maksimenko, Andrei"]
[Black "Koop, Thorben"]
[Result "1/2-1/2"]
[WhiteTitle "GM"]
[WhiteElo "2506"]
[BlackElo "2194"]
[WhiteFideId "14100584"]
[BlackFideId "24661619"]
[EventDate "2014.08.15"]

1. d4 Nf6 2. c4 g6 3. Nc3 d5 4. Nf3 Bg7 5. Qa4+ Bd7 6. Qb3 dxc4 7. Qxc4 O-O 8.
Bf4 c6 9. e4 b5 10. Qd3 Be6 11. Be2 Na6 12. O-O Bc4 13. Qd2 Bxe2 14. Qxe2 b4 15.
Qxa6 bxc3 16. bxc3 Nxe4 17. Qxc6 Nd6 18. Rfc1 Qb6 19. Qa4 Rfc8 20. Rab1 Qc6 21.
Qb3 Nc4 22. Qb7 Nb6 23. Qxc6 Rxc6 24. Kf1 Rac8 25. Rb3 a5 26. Rb5 e6 27. Rxa5
Nd5 28. Bd2 Nxc3 29. Ne5 R6c7 30. Rxc3 Rxc3 31. Bxc3 Bxe5 32. Bb2 Rb8 33. Bc3
Rc8 34. Ra3 1/2-1/2

[Event "ZMDI Open 2014"]
[Site "Dresden GER"]
[Date "2014.08.16"]
[Round "2.6"]
[White "Vogel, Jaap"]
[Black "Teske, Henrik"]
[Result "1-0"]
[WhiteTitle "FM"]
[BlackTitle "GM"]
[WhiteElo "2224"]
[BlackElo "2505"]
[WhiteFideId "1000764"]
[BlackFideId "4611500"]
[EventDate "2014.08.15"]

1. d4 Nc6 2. Nf3 d5 3. c4 Bg4 4. Nc3 e6 5. Bf4 Bxf3 6. gxf3 dxc4 7. e3 Bd6 8.
Bg3 Nge7 9. Bxc4 O-O 10. a3 Nf5 11. Qc2 Qg5 12. Ne2 Rac8 13. Rg1 Qh5 14. Qe4
Bxg3 15. Nxg3 Qxh2 16. Ke2 Nce7 17. b4 b6 18. Nxf5 Nxf5 19. Bd3 g6 20. Qg4 h5
21. Qg5 Qh4 22. Qxh4 Nxh4 23. Rac1 c6 24. Rc3 Nf5 25. Bxf5 exf5 26. Rgc1 Rfe8
27. Rxc6 Rcd8 28. Kd3 Re7 29. Rc8 Rxc8 30. Rxc8+ Kg7 31. d5 h4 32. Kd4 h3 33. d6
Rd7 34. Kd5 h2 35. Rc1 Rd8 36. Rh1 Rh8 37. d7 Kf6 38. Kd6 1-0

[Event "ZMDI Open 2014"]
[Site "Dresden GER"]
[Date "2014.08.16"]
[Round "2.8"]
[White "Akesson, Ralf"]
[Black "Barthel, Ansgar"]
[Result "1-0"]
[WhiteTitle "GM"]
[WhiteElo "2466"]
[BlackElo "2216"]
[WhiteFideId "1700120"]
[BlackFideId "4643461"]
[EventDate "2014.08.15"]

1. d4 d5 2. c4 Nc6 3. Nc3 dxc4 4. Nf3 Bg4 5. d5 Bxf3 6. exf3 Ne5 7. Bf4 Ng6 8.
Bxc4 a6 9. Qa4+ Qd7 10. Bb5 axb5 11. Qxa8+ Qd8 12. Qxd8+ Kxd8 13. Be3 b4 14. Nb5
Nf6 15. O-O-O Nh4 16. Bg5 Nf5 17. Rhe1 g6 18. Bf4 Bh6 19. Bxh6 Nxh6 20. g4 Ne8
21. Re3 f5 22. Rd4 fxg4 23. fxg4 Rf8 24. f3 1-0

[Event "ZMDI Open 2014"]
[Site "Dresden GER"]
[Date "2014.08.16"]
[Round "2.19"]
[White "Baskin, Robert"]
[Black "Gajek, Radoslaw"]
[Result "0-1"]
[BlackTitle "FM"]
[WhiteElo "2152"]
[BlackElo "2355"]
[WhiteFideId "24662402"]
[BlackFideId "1125893"]
[EventDate "2014.08.15"]

1. e4 c5 2. Nf3 e6 3. d4 cxd4 4. Nxd4 Nc6 5. Nc3 Qc7 6. Nb3 Nf6 7. Bd3 a6 8. O-O
b5 9. f4 d6 10. Be3 Be7 11. Qf3 Bb7 12. Qh3 O-O 13. Rae1 Nb4 14. a3 Nxd3 15.
cxd3 e5 16. Rc1 Qd8 17. Qg3 Nh5 18. Qf2 Nxf4 19. Bxf4 exf4 20. Nd4 Bh4 21. Qf3
Qb6 22. Ne2 Bf6 23. Qf2 d5 24. exd5 Bxd5 25. Qxf4 Rad8 26. Rf2 Bxg2 27. Rxg2
Bxd4+ 28. Nxd4 Rxd4 29. Rc6 Qxc6 30. Qxd4 Qc1+ 31. Kf2 Qd2+ 32. Kf1 Qd1+ 33. Kf2
g6 34. Qd7 Qh5 35. Qg4 Qc5+ 36. d4 Qc1 37. Kf3 Re8 38. Rf2 Qd1+ 39. Kg3 Re3+ 40.
Kh4 Qe1 41. Qg2 Re2 0-1

[Event "ZMDI Open 2014"]
[Site "Dresden GER"]
[Date "2014.08.16"]
[Round "2.47"]
[White "Bassetti, Danilo"]
[Black "Sponheim, Marko"]
[Result "1-0"]
[WhiteElo "1965"]
[BlackElo "2118"]
[WhiteFideId "876623"]
[BlackFideId "24676314"]
[EventDate "2014.08.15"]

1. Nf3 c5 2. g3 Nc6 3. Bg2 g6 4. d4 cxd4 5. Nxd4 Bg7 6. c3 d5 7. O-O Nf6 8. Qc2
Bd7 9. Rd1 Rc8 10. Nxc6 bxc6 11. Qa4 Qc7 12. Nd2 c5 13. Qa3 O-O 14. Nf3 e5 15.
Bg5 Be6 16. Rac1 Ne4 17. Be3 Nd6 18. b3 Nf5 19. Bd2 f6 20. Ne1 Nd6 21. Nc2 Qd7
22. Be1 e4 23. Ne3 Qf7 24. Nxd5 Bxd5 25. c4 f5 26. Rxd5 Nb5 27. Qa5 Nd4 28. Kf1
Qe7 29. e3 Nf3 30. Bxf3 exf3 31. Bc3 Bxc3 32. Qxc3 Rfe8 33. Rcd1 Rc7 34. Qd3 f4
35. gxf4 Qh4 36. Rd8 Qh3+ 37. Ke1 Re7 38. Rxe8+ Rxe8 39. Qd7 Re6 1-0

[Event "ZMDI Open 2014"]
[Site "Dresden GER"]
[Date "2014.08.17"]
[Round "3.1"]
[White "Klenburg, Mikhail"]
[Black "Berkes, Ferenc"]
[Result "1-0"]
[WhiteTitle "IM"]
[BlackTitle "GM"]
[WhiteElo "2368"]
[BlackElo "2658"]
[WhiteFideId "14102072"]
[BlackFideId "718572"]
[EventDate "2014.08.15"]

1. g3 e5 2. c4 d6 3. Bg2 f5 4. Nc3 Nf6 5. d4 Be7 6. Nf3 e4 7. Ng5 c6 8. O-O h6
9. Nh3 g5 10. d5 f4 11. f3 fxg3 12. hxg3 Nbd7 13. Nf2 Qb6 14. Qc2 exf3 15. exf3
Ne5 16. Re1 Rf8 17. Be3 Qc7 18. Bd4 Nfd7 19. Qh7 c5 20. Nb5 Qb6 21. Bxe5 Nxe5
22. Ne4 Kd8 23. Qxh6 Nxc4 24. Nec3 Bf5 25. Rxe7 Kxe7 26. Qxg5+ Rf6 27. g4 Bg6
28. Re1+ Kf7 29. Re6 Qd8 30. b3 a6 31. bxc4 axb5 32. Nxb5 Ra6 33. Nc7 Rxa2 34.
Ne8 Ra1+ 35. Kh2 Rxe6 36. dxe6+ 1-0

[Event "ZMDI Open 2014"]
[Site "Dresden GER"]
[Date "2014.08.17"]
[Round "3.2"]
[White "Bindrich, Falko"]
[Black "Satyapragyan, Swayangsu"]
[Result "1/2-1/2"]
[WhiteTitle "GM"]
[BlackTitle "IM"]
[WhiteElo "2598"]
[BlackElo "2401"]
[WhiteFideId "4676670"]
[BlackFideId "5004306"]
[EventDate "2014.08.15"]

1. Nf3 c5 2. c4 Nc6 3. d4 cxd4 4. Nxd4 e6 5. g3 Bb4+ 6. Nc3 Qa5 7. Nxc6 Bxc3+ 8.
bxc3 dxc6 9. Qb3 Nf6 10. Ba3 c5 11. Qb5+ Qxb5 12. cxb5 b6 13. Bg2 Rb8 14. Bb2
Bb7 15. Bxb7 Rxb7 16. c4 Rd7 17. f3 Ke7 18. Rd1 Rhd8 19. Rxd7+ 1/2-1/2

[Event "ZMDI Open 2014"]
[Site "Dresden GER"]
[Date "2014.08.17"]
[Round "3.3"]
[White "Wichmann, Cliff"]
[Black "Kravtsiv, Martyn"]
[Result "1/2-1/2"]
[WhiteTitle "IM"]
[BlackTitle "GM"]
[WhiteElo "2361"]
[BlackElo "2572"]
[WhiteFideId "4616090"]
[BlackFideId "14113147"]
[EventDate "2014.08.15"]

1. Nf3 Nf6 2. g3 d5 3. Bg2 e6 4. O-O Be7 5. d4 O-O 6. c4 dxc4 7. Ne5 Nc6 8. Bxc6
bxc6 9. Nxc6 Qe8 10. Nxe7+ Qxe7 11. Qa4 e5 12. dxe5 Qxe5 13. Qxc4 Be6 14. Qc2
Bf5 15. Qc4 Be6 16. Qc2 Bf5 17. Qc4 Be6 1/2-1/2

[Event "ZMDI Open 2014"]
[Site "Dresden GER"]
[Date "2014.08.17"]
[Round "3.4"]
[White "Zakhartsov, Viacheslav V."]
[Black "Sagar, Shah"]
[Result "0-1"]
[WhiteTitle "GM"]
[WhiteElo "2548"]
[BlackElo "2339"]
[WhiteFideId "4115333"]
[BlackFideId "5022509"]
[EventDate "2014.08.15"]

1. d4 Nf6 2. Nf3 e6 3. c4 Bb4+ 4. Nbd2 O-O 5. a3 Be7 6. e4 d5 7. e5 Nfd7 8. Bd3
c5 9. h4 g6 10. h5 cxd4 11. Qc2 Nc5 12. hxg6 Nxd3+ 13. Qxd3 fxg6 14. Qxd4 Nc6
15. Qe3 a5 16. b3 b6 17. Bb2 Bc5 18. Qh6 Qe7 19. Rh4 Ra7 20. Kf1 Qg7 21. Qxg7+
Rxg7 22. Re1 g5 23. Rg4 h5 24. Rg3 g4 25. cxd5 gxf3 26. Rxg7+ Kxg7 27. Nxf3 exd5
28. e6+ Kg6 29. b4 axb4 30. axb4 Bxb4 31. Ne5+ Nxe5 32. Rxe5 Rf5 33. Re3 Bc5 34.
e7 Bd7 0-1

[Event "ZMDI Open 2014"]
[Site "Dresden GER"]
[Date "2014.08.17"]
[Round "3.5"]
[White "Gajek, Radoslaw"]
[Black "Akesson, Ralf"]
[Result "1-0"]
[WhiteTitle "FM"]
[BlackTitle "GM"]
[WhiteElo "2355"]
[BlackElo "2466"]
[WhiteFideId "1125893"]
[BlackFideId "1700120"]
[EventDate "2014.08.15"]

1. e4 c6 2. d4 d5 3. Nd2 dxe4 4. Nxe4 Nd7 5. Ng5 Ngf6 6. Bd3 e6 7. N1f3 Bd6 8.
Qe2 h6 9. Ne4 Nxe4 10. Qxe4 Nf6 11. Qe2 b6 12. Bd2 Bb7 13. Ne5 Qc7 14. f4 O-O-O
15. a4 a5 16. O-O Kb8 17. Nc4 Be7 18. Qe5 Rd5 19. Qxc7+ Kxc7 20. f5 Rxd4 21. Be3
e5 22. Bxd4 exd4 23. Ne5 Bb4 24. Rf2 Re8 25. Re2 Nd5 26. Nxf7 Rxe2 27. Bxe2 Ne3
28. Bd3 c5 29. Ne5 Nxg2 30. Nc4 Nf4 31. h4 Bd5 32. b3 Ng2 33. Kf2 Nf4 34. Kg3
Nh5+ 35. Kh2 Bxc4 36. Bxc4 Bd2 37. Kh3 Be3 38. Bf7 Nf6 39. Rh1 Kd6 40. Rh2 Ke7
41. Bc4 Nh5 42. Kg4 Nf4 43. Kf3 Kd6 44. Ke4 Bg1 45. Rh1 Be3 46. h5 1-0